000 00253nam a22000977a 4500
008 230607b |||||||| |||| 00| 0 eng d
020 _a9789391165482
100 _aWarikoo Ankur
_97677
245 _aDo Epic Shit
260 _aNew Delhi
_bJuggernaut Books
_c2021
999 _c12307
_d12307